[Event "DE LOS TRABAJADORES"]
[Site "SchemingMind.com"]
[Date "2012.05.09"]
[Round "-"]
[White "agarr"]
[Black "TONYTODD11"]
[Result "1-0"]
[WhiteCountry "RUS"]
[BlackCountry "ENG"]
[WhiteElo "1848"]
[WhiteRD "71"]
[BlackElo "1445"]
[BlackRD "84"]
[GameID "310127"]

1. e4 c6 2. d4 d5 3. exd5 cxd5 4. Nf3 Nc6 5. c4 Nf6 6. Nc3 Bg4 7. Bf4 e6 8. c5 Bxf3 9. gxf3 Rc8 10. Nb5 Nxd4
11. Nxd4 Qa5+ 12. Qd2 Rxc5 13. Qxa5 Rxa5 14. Bb5+ Nd7 15. Bd2 Rxb5 16. Nxb5 Bc5 17. Be3 Bb4+ 18. Ke2 O-O 19. a3 Ba5 20. Rhg1 a6
21. Nd4 Rc8 22. Rgc1 Nc5 23. b4 e5 24. Nf5 Bd8 25. Rxc5 Rc7 26. Rxc7
1-0

[Event "DE LOS TRABAJADORES"]
[Site "SchemingMind.com"]
[Date "2012.05.14"]
[Round "-"]
[White "agarr"]
[Black "emvarela"]
[Result "1-0"]
[WhiteCountry "RUS"]
[BlackCountry "ARG"]
[WhiteElo "1829"]
[WhiteRD "75"]
[BlackElo "1743"]
[BlackRD "46"]
[GameID "310128"]

1. e4 e5 2. Nf3 Nc6 3. Bc4 Bc5 4. c3 Nf6 5. d4 exd4 6. cxd4 Bb4+ 7. Nc3 Nxe4 8. O-O Bxc3 9. bxc3 d5 10. Re1 Be6
11. Bd3 Nxc3 12. Qc2 Ne4 13. Ba3 f5 14. Qe2 Qf6 15. Rab1 Rb8 16. Bc5 Kd7 17. Ne5+ Nxe5 18. dxe5 Qxe5 19. f3 d4 20. Ba3 Rhe8
21. fxe4 a6 22. Rb2 g6 23. Reb1 fxe4 24. Rxb7 Rxb7 25. Rxb7 Bf5 26. Bxa6 d3 27. Qb2 Qxb2 28. Rxb2 Re6 29. Bc4 Rb6 30. Rxb6 cxb6
31. Bc1 Kc6 32. Be3 b5 33. Bb3 b4 34. Kf2 h5 35. Kg3 Kd6 36. Kf4 Kc6 37. Ke5 Kb5 38. Bd5 Ka4 39. Bxe4 Bxe4 40. Kxe4 Ka3
41. Kxd3 Kxa2 42. Ke4 b3 43. Bd4 b2 44. Bxb2 Kxb2 45. Kf4
1-0

[Event "DE LOS TRABAJADORES"]
[Site "SchemingMind.com"]
[Date "2012.05.09"]
[Round "-"]
[White "agarr"]
[Black "Scooter"]
[Result "1-0"]
[WhiteCountry "RUS"]
[BlackCountry "USA"]
[WhiteElo "1854"]
[WhiteRD "66"]
[BlackElo "1801"]
[BlackRD "49"]
[GameID "310129"]

1. e4 c6 2. d4 d5 3. e5 Bf5 4. Nf3 e6 5. Bd3 Bxd3 6. Qxd3 Nd7 7. O-O c5 8. dxc5 Bxc5 9. c4 dxc4 10. Qxc4 Rc8
11. Qb5 Bb6 12. Bg5 Ne7 13. Rd1 Rc5 14. Qe2 O-O 15. Nc3 Re8 16. Nb5 h6 17. Bh4 g5 18. Bg3 Nf5 19. Nd6 Nxd6 20. Rxd6 Qc7
21. Rad1 Rc1 22. Rxd7 Qxd7 23. Rxc1
1-0

[Event "DE LOS TRABAJADORES"]
[Site "SchemingMind.com"]
[Date "2012.05.14"]
[Round "-"]
[White "agarr"]
[Black "Olli Ylönen"]
[Result "0-1"]
[WhiteCountry "RUS"]
[BlackCountry "FIN"]
[WhiteElo "1828"]
[WhiteRD "70"]
[BlackElo "1819"]
[BlackRD "52"]
[GameID "310130"]

1. e4 e5 2. Nf3 Nc6 3. Bc4 Nf6 4. Ng5 Bc5 5. Nxf7 Bxf2+ 6. Kxf2 Nxe4+ 7. Kg1 Qh4 8. g3 Nxg3 9. Nxh8 Nd4 10. Nc3 d5
11. Bf1 Bg4
0-1

[Event "DE LOS TRABAJADORES"]
[Site "SchemingMind.com"]
[Date "2012.05.09"]
[Round "-"]
[White "agarr"]
[Black "cncbob"]
[Result "1-0"]
[WhiteCountry "RUS"]
[BlackCountry "ENG"]
[WhiteElo "1854"]
[WhiteRD "66"]
[BlackElo "1484"]
[BlackRD "78"]
[GameID "310131"]

1. e4 e5 2. Nf3 Nc6 3. Bc4 Bc5 4. c3 Nf6 5. d4 exd4 6. e5 d5 7. exd6 Qxd6 8. O-O O-O 9. b4 Bb6 10. Ng5 Be6
11. Nxe6 fxe6 12. Qb3 Rae8 13. Re1 Nd8 14. a4 c6 15. g3 Kh8 16. a5 Bc7 17. cxd4 Nh5 18. Bg5 Nf6 19. Bf4 Qxd4 20. Bxc7 Qxa1
21. Be5
1-0

[Event "DE LOS TRABAJADORES"]
[Site "SchemingMind.com"]
[Date "2012.05.10"]
[Round "-"]
[White "TONYTODD11"]
[Black "agarr"]
[Result "0-1"]
[WhiteCountry "ENG"]
[BlackCountry "RUS"]
[WhiteElo "1445"]
[WhiteRD "84"]
[BlackElo "1848"]
[BlackRD "71"]
[GameID "310133"]

1. e4 e5 2. f4 exf4 3. Nf3 Nf6 4. Nc3 d6 5. Bc4 Be6 6. b3 g6 7. Bb2 Bg7 8. O-O O-O 9. Qe2 Nc6 10. d4 Bg4
11. Rad1 Qe7 12. Nd5 Nxd5 13. Bxd5 Qd7 14. h3 Bh5 15. Bxc6 Qxc6 16. Ba3 Rfe8 17. Rfe1 Qb6 18. Qc4 Bxf3 19. gxf3 Re6 20. Bc1 Bh6
21. c3 Qa5 22. b4 Qg5+ 23. Kh1 Qh4 24. Qf1 g5 25. e5 Rae8 26. Kh2 dxe5 27. d5 R6e7 28. Qg1 f5 29. Rd2 e4 30. Rf1 exf3
31. Rxf3 g4 32. Rfd3 g3+ 33. Kg2 f3+ 34. Rxf3 Re1 35. Rd4 Rxg1+
0-1

[Event "DE LOS TRABAJADORES"]
[Site "SchemingMind.com"]
[Date "2012.05.14"]
[Round "-"]
[White "emvarela"]
[Black "agarr"]
[Result "0-1"]
[WhiteCountry "ARG"]
[BlackCountry "RUS"]
[WhiteElo "1697"]
[WhiteRD "45"]
[BlackElo "1848"]
[BlackRD "71"]
[GameID "310134"]

1. e4 e5 2. Nf3 Nc6 3. Bb5 Nd4 4. Nxd4 exd4 5. O-O g6 6. d3 Bg7 7. c3 Ne7 8. Qe2 O-O 9. cxd4 Bxd4 10. Bh6 Bg7
11. Bxg7 Kxg7 12. Nc3 b6 13. Qe3 Bb7 14. Qd4+ Kg8 15. Qxd7 Qxd7 16. Bxd7 Rad8 17. Bb5 a6 18. Bc4 b5 19. Nxb5 axb5 20. Bxb5 Rd4
21. Rac1 c6 22. Bc4 Rfd8 23. Rc3 Nc8 24. f4 Nd6 25. b3 Nxc4 26. bxc4 Rxd3 27. Rxd3 Rxd3 28. Rb1 Ba6 29. Rb8+ Kg7
0-1

[Event "DE LOS TRABAJADORES"]
[Site "SchemingMind.com"]
[Date "2012.05.10"]
[Round "-"]
[White "Scooter"]
[Black "agarr"]
[Result "1-0"]
[WhiteCountry "USA"]
[BlackCountry "RUS"]
[WhiteElo "1801"]
[WhiteRD "49"]
[BlackElo "1854"]
[BlackRD "66"]
[GameID "310135"]

1. d4 d5 2. Nf3 Bf5 3. Bf4 e6 4. h3 Nf6 5. e3 Bd6 6. Bxd6 cxd6 7. c3 O-O 8. Bd3 Bg6 9. Bxg6 fxg6 10. O-O Ne4
11. Nbd2 Nd7 12. Qc2 Ndf6 13. c4 Rc8 14. Qa4 a6 15. cxd5 Nxd2 16. Nxd2 Nxd5 17. Qb3 Qd7 18. Rac1 Nf6 19. Nc4 Qe7 20. Nb6 Rxc1
21. Rxc1 Ne4 22. Rc8 d5 23. Nxd5 exd5 24. Qxd5+ Qf7 25. Rxf8+ Kxf8 26. Qxe4 Qxa2 27. Qxb7 Qb1+ 28. Kh2 Qf1 29. b4 Qxf2 30. Qf3+ Qxf3
31. gxf3 Ke7 32. e4 g5 33. Kg3
1-0

[Event "DE LOS TRABAJADORES"]
[Site "SchemingMind.com"]
[Date "2012.05.14"]
[Round "-"]
[White "Olli Ylönen"]
[Black "agarr"]
[Result "1-0"]
[WhiteCountry "FIN"]
[BlackCountry "RUS"]
[WhiteElo "1819"]
[WhiteRD "52"]
[BlackElo "1828"]
[BlackRD "70"]
[GameID "310136"]

1. e4 e5 2. Nf3 Nc6 3. Bb5 Bc5 4. O-O Nd4 5. Nxd4 exd4 6. d3 h6 7. Bc4 Nf6 8. e5 Nh7 9. Bxf7+ Kxf7 10. Qh5+ Kg8
11. e6 Be7 12. Qf7#
1-0

[Event "DE LOS TRABAJADORES"]
[Site "SchemingMind.com"]
[Date "2012.05.10"]
[Round "-"]
[White "cncbob"]
[Black "agarr"]
[Result "0-1"]
[WhiteCountry "ENG"]
[BlackCountry "RUS"]
[WhiteElo "1484"]
[WhiteRD "78"]
[BlackElo "1854"]
[BlackRD "66"]
[GameID "310137"]

1. d4 d5 2. c4 e6 3. Nc3 Nf6 4. Bg5 Be7 5. e3 O-O 6. Nf3 dxc4 7. Bxc4 b6 8. O-O Bb7 9. Be2 Nbd7 10. Qc2 c5
11. Rfd1 cxd4 12. Nxd4 Rc8 13. Ndb5 a6 14. Nd4 b5 15. Bd3 h6 16. Bh4 Nd5 17. Bxe7 Qxe7 18. Qd2 Nxc3 19. bxc3 Nc5 20. Bc2 Ne4
21. Bxe4 Bxe4 22. f3 Bd5 23. Qc2 Rc4 24. Rdb1 Rfc8 25. Rb3 b4 26. Ne2 Qg5 27. Kf2 a5 28. a4 Qe5 29. h3 R4c5 30. Rc1 Bxb3
0-1

[Event "DE LOS TRABAJADORES"]
[Site "SchemingMind.com"]
[Date "2012.05.11"]
[Round "-"]
[White "kubinet"]
[Black "agarr"]
[Result "0-1"]
[WhiteCountry "GER"]
[BlackCountry "RUS"]
[WhiteElo "1637"]
[WhiteRD "68"]
[BlackElo "1848"]
[BlackRD "71"]
[GameID "310138"]

1. e4 e5 2. Nf3 Nc6 3. Bb5 Bc5 4. c3 Nf6 5. d4 exd4 6. e5 Ng4 7. cxd4 Bb4+ 8. Nc3 Bxc3+ 9. bxc3 O-O 10. h3 Nh6
11. Bxh6 gxh6 12. Qd2 Kg7 13. O-O Ne7 14. Nh4 d6 15. Nf3 Ng6 16. Rfe1 c6 17. Bd3 Be6 18. exd6 Qxd6 19. Re2 Nf4 20. Ree1 Nxd3
21. Qxd3 Kh8 22. Re5 Rg8 23. Qe3 Bxh3 24. g3 f6 25. Rh5 Rxg3+
0-1

[Event "DE LOS TRABAJADORES"]
[Site "SchemingMind.com"]
[Date "2012.05.13"]
[Round "-"]
[White "zciwar"]
[Black "agarr"]
[Result "1-0"]
[WhiteCountry "POL"]
[BlackCountry "RUS"]
[WhiteElo "1937"]
[WhiteRD "201"]
[BlackElo "1854"]
[BlackRD "66"]
[GameID "310367"]

1. d4 d5 2. c4 Nc6 3. cxd5 Qxd5 4. e3 Nf6 5. Nc3 Qd8 6. Bc4 b6 7. Nf3 Bb7 8. Qa4 a6 9. d5 b5 10. Nxb5 axb5
11. Qxb5 Nxd5 12. Qxb7 Ncb4 13. Bb5+
1-0

[Event "DE LOS TRABAJADORES"]
[Site "SchemingMind.com"]
[Date "2012.05.13"]
[Round "-"]
[White "zciwar"]
[Black "TONYTODD11"]
[Result "1-0"]
[WhiteCountry "POL"]
[BlackCountry "ENG"]
[WhiteElo "2193"]
[WhiteRD "104"]
[BlackElo "1445"]
[BlackRD "84"]
[GameID "310368"]

1. d4 d5 2. c4 Nf6 3. cxd5 Qxd5 4. Nc3 Qd8 5. e4 Nc6 6. d5 Ne5 7. Bf4 Nfg4 8. h3 Nxf2 9. Kxf2 Ng6 10. Bg3 e5
11. Bb5+ Bd7 12. Qa4 Bc5+ 13. Ke2 O-O 14. Bxd7 Qg5 15. Qc4 Qh5+ 16. Bg4 Qh6 17. Qxc5 Rad8 18. Nf3 c6 19. Rhd1 Rfe8 20. dxc6 Rc8
21. Bxc8 Rxc8 22. cxb7 Rb8 23. Qc7 Re8 24. Rd8 Rf8 25. b8=Q
1-0

[Event "DE LOS TRABAJADORES"]
[Site "SchemingMind.com"]
[Date "2012.05.15"]
[Round "-"]
[White "zciwar"]
[Black "emvarela"]
[Result "0-1"]
[WhiteCountry "POL"]
[BlackCountry "ARG"]
[WhiteElo "1856"]
[WhiteRD "88"]
[BlackElo "1743"]
[BlackRD "46"]
[GameID "310369"]

1. d4 Nf6 2. c4 e6 3. Nf3 Bb4+ 4. Nbd2 O-O 5. g3 d5 6. Bg2 Nc6 7. O-O a5 8. Qc2 Be7 9. Rd1 Bd7 10. a3 dxc4
11. Nxc4 b5 12. Nce5 Nxe5 13. Nxe5 Rb8 14. Bd2 b4 15. axb4 Bxb4 16. Bxb4 axb4 17. Ra7 Nd5 18. Rc1 Bb5 19. Qc5 Qe7 20. Qxe7 Nxe7
21. Rcxc7 Nf5
0-1

[Event "DE LOS TRABAJADORES"]
[Site "SchemingMind.com"]
[Date "2012.05.13"]
[Round "-"]
[White "zciwar"]
[Black "Scooter"]
[Result "1-0"]
[WhiteCountry "POL"]
[BlackCountry "USA"]
[WhiteElo "2193"]
[WhiteRD "104"]
[BlackElo "1745"]
[BlackRD "49"]
[GameID "310370"]

1. d4 Nf6 2. c4 e6 3. Nc3 d5 4. Bg5 Be7 5. cxd5 Nxd5 6. Bxe7 Nxe7 7. Nf3 Nd7 8. e3 O-O 9. Rc1 b6 10. Bd3 Bb7
11. Qc2 c5 12. Bxh7+ Kh8 13. Be4 Bxe4 14. Qxe4 Nf5 15. Rd1 Nf6 16. Qe5 cxd4 17. Nxd4 Nxd4 18. Rxd4 Qe7 19. O-O Nh7 20. Rfd1 Rfd8
21. a3 Rxd4 22. Qxd4 Kg8 23. h3 Qf6 24. Qd7 Qe5 25. Qd4 Qxd4 26. Rxd4 Nf6 27. Kf1 Kf8 28. Rc4 a6 29. Rc7 Ke8 30. Ke2 Nd7
31. Na4 g5 32. Rxd7
1-0

[Event "DE LOS TRABAJADORES"]
[Site "SchemingMind.com"]
[Date "2012.05.16"]
[Round "-"]
[White "zciwar"]
[Black "Olli Ylönen"]
[Result "0-1"]
[WhiteCountry "POL"]
[BlackCountry "FIN"]
[WhiteElo "1856"]
[WhiteRD "88"]
[BlackElo "1877"]
[BlackRD "56"]
[GameID "310371"]

1. d4 Nf6 2. c4 g6 3. Nc3 Bg7 4. e4 d6 5. Nf3 O-O 6. h3 e5 7. d5 a5 8. Bg5 Na6 9. g4 Qe8 10. Nd2 Kh8
11. Be2 Ng8 12. Be3 b6 13. Qc2 f5 14. f3 f4 15. Bf2 Ne7 16. O-O-O a4 17. Qxa4 Qxa4 18. Nxa4 Nb4 19. b3 Nxa2+ 20. Kb2 Nb4
21. Kc3 Na6 22. Ra1 Bb7 23. b4 Nb8 24. Kc2 Nd7
0-1

[Event "DE LOS TRABAJADORES"]
[Site "SchemingMind.com"]
[Date "2012.05.13"]
[Round "-"]
[White "zciwar"]
[Black "cncbob"]
[Result "1-0"]
[WhiteCountry "POL"]
[BlackCountry "ENG"]
[WhiteElo "2102"]
[WhiteRD "126"]
[BlackElo "1489"]
[BlackRD "79"]
[GameID "310372"]

1. d4 d5 2. c4 e6 3. Nc3 Nf6 4. Bg5 Be7 5. cxd5 Nxd5 6. Bxe7 Qxe7 7. Nf3 Nc6 8. e4 Nxc3 9. bxc3 O-O 10. e5 Bd7
11. Bd3 f5 12. exf6 Rxf6 13. O-O h6 14. Qe2 a6 15. Qe4 Raf8 16. Qh7+ Kf7 17. Rae1 Ke8 18. d5 Nd8 19. Ne5 Bb5 20. c4 Bd7
21. Bg6+ Nf7 22. Qxg7
1-0

[Event "DE LOS TRABAJADORES"]
[Site "SchemingMind.com"]
[Date "2012.05.13"]
[Round "-"]
[White "zciwar"]
[Black "kubinet"]
[Result "0-1"]
[WhiteCountry "POL"]
[BlackCountry "GER"]
[WhiteElo "1856"]
[WhiteRD "88"]
[BlackElo "1682"]
[BlackRD "59"]
[GameID "310373"]

1. d4 d5 2. c4 e6 3. Nc3 Nf6 4. Bg5 Be7 5. cxd5 exd5 6. e3 O-O 7. Bd3 h6 8. Bf4 Nbd7 9. Nf3 c6 10. O-O Nh5
11. Bg3 Nxg3 12. hxg3 Bd6 13. Rb1 Nf6 14. b4 a6 15. a4 Bg4 16. Qb3 b5 17. axb5 axb5 18. e4 dxe4
0-1

[Event "DE LOS TRABAJADORES"]
[Site "SchemingMind.com"]
[Date "2012.05.13"]
[Round "-"]
[White "agarr"]
[Black "zciwar"]
[Result "0-1"]
[WhiteCountry "RUS"]
[BlackCountry "POL"]
[WhiteElo "1828"]
[WhiteRD "70"]
[BlackElo "2102"]
[BlackRD "126"]
[GameID "310374"]

1. e4 c5 2. Nf3 Nc6 3. Bc4 g6 4. d4 cxd4 5. Nxd4 Bg7 6. c3 Nf6 7. f3 O-O 8. O-O d5 9. exd5 Nxd5 10. Nxc6 bxc6
11. Bg5 Qb6+ 12. Rf2 Rd8 13. Qc2 Bf5 14. Qb3 Qc5 15. Nd2 Rab8 16. Qa3 Qxa3 17. bxa3 Bxc3
0-1

[Event "DE LOS TRABAJADORES"]
[Site "SchemingMind.com"]
[Date "2012.05.13"]
[Round "-"]
[White "TONYTODD11"]
[Black "zciwar"]
[Result "0-1"]
[WhiteCountry "ENG"]
[BlackCountry "POL"]
[WhiteElo "1448"]
[WhiteRD "79"]
[BlackElo "1856"]
[BlackRD "88"]
[GameID "310375"]

1. e4 c5 2. d4 cxd4 3. c3 dxc3 4. Nxc3 Nc6 5. Be3 a6 6. Qe2 e6 7. Nf3 Nge7 8. g3 b5 9. Rd1 Ng6 10. Bg2 Be7
11. O-O O-O 12. b3 Bb7 13. Rfe1 Qc7 14. h4 Rac8 15. Nd4 Nxd4 16. Bxd4 e5 17. Bh3 exd4 18. Rxd4 Qxc3 19. Rxd7 Bc6 20. Rd3 Qf6
21. Bxc8 Rxc8 22. h5 Ne5 23. Rc3 Bb4 24. Rec1 Bxc3
0-1

[Event "DE LOS TRABAJADORES"]
[Site "SchemingMind.com"]
[Date "2012.05.18"]
[Round "-"]
[White "emvarela"]
[Black "zciwar"]
[Result "1-0"]
[WhiteCountry "ARG"]
[BlackCountry "POL"]
[WhiteElo "1743"]
[WhiteRD "46"]
[BlackElo "1856"]
[BlackRD "88"]
[GameID "310376"]

1. e4 c5 2. Nf3 Nc6 3. d4 cxd4 4. Nxd4 g6 5. c4 Bg7 6. Be3 Nf6 7. Nc3 O-O 8. Be2 b6 9. O-O Bb7 10. f3 Nh5
11. Nxc6 dxc6 12. Qxd8 Rfxd8 13. Rad1 c5 14. f4 Bxc3 15. bxc3 Bxe4 16. Rxd8+ Rxd8 17. Bxh5 gxh5 18. Kf2 Rd3 19. Rc1 Kg7 20. g3
1-0

[Event "DE LOS TRABAJADORES"]
[Site "SchemingMind.com"]
[Date "2012.05.13"]
[Round "-"]
[White "Scooter"]
[Black "zciwar"]
[Result "0-1"]
[WhiteCountry "USA"]
[BlackCountry "POL"]
[WhiteElo "1745"]
[WhiteRD "49"]
[BlackElo "2193"]
[BlackRD "104"]
[GameID "310377"]

1. d4 Nf6 2. Nf3 g6 3. Bf4 Bg7 4. h3 O-O 5. e3 b6 6. Nbd2 Bb7 7. Be2 c5 8. c3 d6 9. O-O Nbd7 10. Re1 Rc8
11. Qa4 a6 12. Qb3 Qc7 13. Rac1 b5 14. a4 Bd5 15. c4 bxc4 16. Nxc4 Rb8 17. Qc3 Ne4 18. Qc2 Rb4 19. Ncd2 Nxd2 20. Nxd2 Qb6
21. Qd3 cxd4 22. Qxa6 Qxa6 23. Bxa6 Nc5 24. Bb5 d3 25. e4 Be6 26. Be3 Nxa4 27. Bxa4 Rxa4 28. b3 Ra2 29. b4 Rb8 30. Rb1 Bc3
31. Red1 Rxb4
0-1

[Event "DE LOS TRABAJADORES"]
[Site "SchemingMind.com"]
[Date "2012.05.18"]
[Round "-"]
[White "Olli Ylönen"]
[Black "zciwar"]
[Result "1-0"]
[WhiteCountry "FIN"]
[BlackCountry "POL"]
[WhiteElo "1877"]
[WhiteRD "56"]
[BlackElo "1856"]
[BlackRD "88"]
[GameID "310378"]

1. e4 c5 2. Nf3 Nc6 3. d4 cxd4 4. Nxd4 g6 5. c4 Bg7 6. Be3 Nf6 7. Nc3 b6 8. Be2 Bb7 9. O-O O-O 10. f3 Nh5
11. Qd2 Nf4 12. Rfd1 Nxd4 13. Bxd4 Bxd4+ 14. Qxd4 Qc7 15. Qxd7 Nxe2+ 16. Nxe2 Qxc4 17. Qxb7 Qxe2 18. b3 Rac8 19. Re1= Qd2 20. Red1 Qg5
21. Qd5 Qe3+ 22. Kh1 Rc2 23. Qd3 Qf2 24. Qf1 Qxf1+ 25. Rxf1 Rd8 26. Rfc1 Rf2 27. Rf1 Rxf1+ 28. Rxf1
1-0

[Event "DE LOS TRABAJADORES"]
[Site "SchemingMind.com"]
[Date "2012.05.13"]
[Round "-"]
[White "cncbob"]
[Black "zciwar"]
[Result "0-1"]
[WhiteCountry "ENG"]
[BlackCountry "POL"]
[WhiteElo "1489"]
[WhiteRD "79"]
[BlackElo "2102"]
[BlackRD "126"]
[GameID "310379"]

1. e4 c5 2. Nf3 Nc6 3. d4 cxd4 4. Nxd4 g6 5. Nc3 Bg7 6. Nce2 Nf6 7. Nxc6 bxc6 8. Nc3 O-O 9. Bc4 Nxe4 10. Nxe4 d5
11. Nc5 Qa5+ 12. Bd2 Qxc5 13. Bb3 a5 14. a4 Ba6 15. c3 e5 16. Be3 d4 17. Bd2 Rab8 18. Rc1 Qb6 19. Bc2 Qxb2 20. Rb1 Qa3
21. cxd4 exd4 22. Bb3 Rfe8+
0-1

[Event "DE LOS TRABAJADORES"]
[Site "SchemingMind.com"]
[Date "2012.05.14"]
[Round "-"]
[White "kubinet"]
[Black "zciwar"]
[Result "1-0"]
[WhiteCountry "GER"]
[BlackCountry "POL"]
[WhiteElo "1682"]
[WhiteRD "59"]
[BlackElo "1856"]
[BlackRD "88"]
[GameID "310380"]

1. e4 c5 2. Nf3 Nc6 3. d4 cxd4 4. Nxd4 g6 5. c4 Bg7 6. Be3 Nf6 7. Nc3 O-O 8. Be2 b6 9. O-O Bb7 10. f3 Nh5
11. Qd2 Nf4 12. Bd1 Bxd4 13. Bxd4 Nxd4 14. Qxd4 Qc7 15. b3 e5 16. Qe3 d6 17. Bc2 Qc5 18. Qxc5
1-0

[Event "DE LOS TRABAJADORES"]
[Site "SchemingMind.com"]
[Date "2012.05.17"]
[Round "-"]
[White "lennart"]
[Black "agarr"]
[Result "0-1"]
[WhiteCountry "SWE"]
[BlackCountry "RUS"]
[WhiteElo "1543"]
[WhiteRD "55"]
[BlackElo "1854"]
[BlackRD "66"]
[GameID "310589"]

1. e4 e5 2. Nf3 Nc6 3. Bd3 Bc5 4. a3 d6 5. O-O Bg4 6. Be2 Nf6 7. h3 Be6 8. c3 Ne7 9. b4 Bb6 10. Ng5 O-O
11. Nxe6 fxe6 12. a4 a6 13. a5 Ba7 14. d3 Ng6 15. Nd2 d5 16. exd5 exd5 17. Nf3 e4 18. Nd4 exd3 19. Ne6 dxe2 20. Qd2 exf1=Q+
21. Kxf1 Qd6 22. Nd4 Ne4 23. Qd3 Nxf2
0-1

[Event "DE LOS TRABAJADORES"]
[Site "SchemingMind.com"]
[Date "2012.05.17"]
[Round "-"]
[White "lennart"]
[Black "TONYTODD11"]
[Result "0-1"]
[WhiteCountry "SWE"]
[BlackCountry "ENG"]
[WhiteElo "1558"]
[WhiteRD "54"]
[BlackElo "1509"]
[BlackRD "91"]
[GameID "310590"]

1. e4 e5 2. Nf3 Nc6 3. Bd3 Bc5 4. a3 Nd4 5. Nxe5 Qf6 6. Nf3 d6 7. Nxd4 Bxd4 8. O-O Qg5 9. Qf3 Bg4 10. Qg3 Nf6
11. c3 Nh5 12. h4 Qg6 13. Qh2 Bf3
0-1

[Event "DE LOS TRABAJADORES"]
[Site "SchemingMind.com"]
[Date "2012.05.18"]
[Round "-"]
[White "lennart"]
[Black "zciwar"]
[Result "0-1"]
[WhiteCountry "SWE"]
[BlackCountry "POL"]
[WhiteElo "1558"]
[WhiteRD "54"]
[BlackElo "2102"]
[BlackRD "126"]
[GameID "310591"]

1. e4 c5 2. Nc3 g6 3. Nf3 Bg7 4. Nd5 Nc6 5. c3 d6 6. Bd3 e6 7. Nf4 Nge7 8. O-O O-O 9. a3 e5 10. Nd5 Nxd5
11. exd5 Ne7 12. Rb1 Nxd5 13. b4 Nf4 14. Bc2 c4 15. b5 d5 16. Rb4 e4 17. Ne1 Nd3 18. Nxd3 exd3 19. Bb1 Qf6 20. a4 Re8
21. Re1 Bg4 22. f3 Bf5 23. Rf1 Re2 24. h3 Rae8
0-1

[Event "DE LOS TRABAJADORES"]
[Site "SchemingMind.com"]
[Date "2012.05.21"]
[Round "-"]
[White "lennart"]
[Black "emvarela"]
[Result "1-0"]
[WhiteCountry "SWE"]
[BlackCountry "ARG"]
[WhiteElo "1501"]
[WhiteRD "53"]
[BlackElo "1697"]
[BlackRD "45"]
[GameID "310592"]

1. e4 e5 2. Nf3 Nc6 3. Nc3 Nf6 4. d3 d5 5. exd5 Nxd5 6. Nxd5 Qxd5 7. a3 Be6 8. c4 Qd7 9. h3 O-O-O 10. Be3 Bf5
11. b4 Bxd3 12. Bxd3 Qxd3 13. Qxd3 Rxd3 14. O-O h6 15. b5 Nd4 16. Nxe5 Ne2+ 17. Kh1 Rc3 18. Nxf7 Rg8 19. Ra2 Rxa3 20. Rxe2 g5
21. c5 Bg7 22. Bc1 Rc3 23. b6 axb6 24. cxb6 cxb6 25. Bb2 Rc7 26. Ra1 Kb8 27. Bxg7 Rxf7 28. Be5+
1-0

[Event "DE LOS TRABAJADORES"]
[Site "SchemingMind.com"]
[Date "2012.05.17"]
[Round "-"]
[White "lennart"]
[Black "Scooter"]
[Result "0-1"]
[WhiteCountry "SWE"]
[BlackCountry "USA"]
[WhiteElo "1543"]
[WhiteRD "55"]
[BlackElo "1801"]
[BlackRD "49"]
[GameID "310593"]

1. e4 c6 2. d4 d5 3. exd5 cxd5 4. Nc3 Nf6 5. Nf3 Nc6 6. Bb5 Bd7 7. Bxc6 Bxc6 8. O-O e6 9. Ne5 Bd6 10. Nxc6 bxc6
11. h3 O-O 12. Ne2 Rb8 13. b3 c5 14. dxc5 Bxc5 15. Ng3 a5 16. a4 Qb6 17. Qe2 Bd6 18. Kh2 Bxg3+ 19. fxg3 Ne4 20. Bf4 Rbc8
21. Rab1 Nc3 22. Qf3 Nxb1 23. Rxb1 Rxc2 24. Qd3 Qf2 25. Qf1 Rfc8 26. Qh1 R8c3 27. h4 h6 28. Kh3 g5 29. Be5 Qf5+
0-1

[Event "DE LOS TRABAJADORES"]
[Site "SchemingMind.com"]
[Date "2012.05.22"]
[Round "-"]
[White "lennart"]
[Black "Olli Ylönen"]
[Result "1-0"]
[WhiteCountry "SWE"]
[BlackCountry "FIN"]
[WhiteElo "1501"]
[WhiteRD "53"]
[BlackElo "1840"]
[BlackRD "54"]
[GameID "310594"]

1. e4 e5 2. Nf3 Nc6 3. Nc3 Nf6 4. h3 Bb4 5. Ne2 Nxe4 6. c3 Be7 7. d3 Nf6 8. Ng3 O-O 9. Be2 d5 10. d4 exd4
11. cxd4 Bb4+ 12. Nd2 Nxd4 13. O-O Nxe2+ 14. Qxe2 Bxd2 15. Qxd2 Re8 16. b3 Ne4 17. Qf4 Nxg3 18. Qxg3 Qf6 19. Bg5 Qg6 20. f4 h6
21. Bh4 Qxg3 22. Bxg3 c5 23. Be1 d4 24. Rf2 Bd7 25. Bd2 Rac8 26. Rc1 Bb5 27. Kh2 c4 28. bxc4 Rxc4 29. Rxc4 Bxc4 30. a4 Re2
31. Rxe2 Bxe2 32. a5 b6 33. axb6 axb6 34. g3 f5 35. Kg2 Kf7 36. Kf2 d3 37. Ke3 Ke6 38. Kd4 g5 39. fxg5 hxg5 40. Bxg5 b5
41. Bd2 Kd6 42. Kc3 Ke5 43. h4 Ke4 44. Bf4 Kf3 45. h5
1-0

[Event "DE LOS TRABAJADORES"]
[Site "SchemingMind.com"]
[Date "2012.05.17"]
[Round "-"]
[White "lennart"]
[Black "cncbob"]
[Result "0-1"]
[WhiteCountry "SWE"]
[BlackCountry "ENG"]
[WhiteElo "1543"]
[WhiteRD "55"]
[BlackElo "1484"]
[BlackRD "78"]
[GameID "310595"]

1. e4 c5 2. Nc3 Nc6 3. Nf3 g6 4. b3 Bg7 5. Rb1 e5 6. Bc4 Nf6 7. a3 O-O 8. d3 a6 9. b4 cxb4 10. axb4 b5
11. Bb3 Nxb4 12. Ba3 Qe7 13. O-O Bb7 14. Ne2 a5 15. c3 d6 16. cxb4 Rfc8 17. Ng3 a4 18. Ba2 Rc7 19. h4 h5 20. Ng5 Nh7
21. Nxh7 Kxh7 22. Bb2 Qxh4 23. Qf3 Qe7 24. Rfe1 Bh6 25. Bc1 Rac8 26. Ne2 Kg7 27. Bxh6+ Kxh6 28. g3 Qg5 29. Kg2 Qd2 30. Bd5 Qg5
31. Bxf7 Rf8 32. d4 Rfxf7 33. Qd3 Qf6 34. f3 Bc8 35. Qxb5 Qxf3+ 36. Kg1 Bh3
0-1

[Event "DE LOS TRABAJADORES"]
[Site "SchemingMind.com"]
[Date "2012.05.22"]
[Round "-"]
[White "lennart"]
[Black "kubinet"]
[Result "0-1"]
[WhiteCountry "SWE"]
[BlackCountry "GER"]
[WhiteElo "1511"]
[WhiteRD "56"]
[BlackElo "1682"]
[BlackRD "59"]
[GameID "310596"]

1. e4 c5 2. Nf3 e6 3. Nc3 Nc6 4. a3 a6 5. d3 d6 6. d4 cxd4 7. Nxd4 Bd7 8. h3 Nf6 9. Bc4 Be7 10. Be3 O-O
11. O-O b5 12. Nxc6 Bxc6 13. Bd3 Qc7 14. f4 Rad8 15. b4 Bb7 16. Ne2 Nxe4 17. Bxe4 Bxe4 18. Rc1 d5 19. Nd4 Rc8 20. Rf2 Qc3
21. Bd2 Qxd4 22. c3 Qb6 23. Qe2 Rc7 24. Be3 Qb7 25. Qa2 Rfc8 26. Bd2 Bf6 27. Re2 Bxc3 28. Rd1 Bxd2 29. Rexd2 Qb6+ 30. Kh2 Qe3
31. Rf1 Rc3 32. Kh1 Qxh3+ 33. Kg1 Rc2
0-1

[Event "DE LOS TRABAJADORES"]
[Site "SchemingMind.com"]
[Date "2012.05.17"]
[Round "-"]
[White "agarr"]
[Black "lennart"]
[Result "1-0"]
[WhiteCountry "RUS"]
[BlackCountry "SWE"]
[WhiteElo "1854"]
[WhiteRD "66"]
[BlackElo "1543"]
[BlackRD "55"]
[GameID "310597"]

1. e4 e5 2. Nf3 d6 3. Bc4 h6 4. c3 a6 5. d4 Bg4 6. Qb3 Bh5 7. Qxb7 Nd7 8. Bxa6 Rb8 9. Qd5 Ngf6 10. Qc4 Nb6
11. Qd3 c6 12. dxe5 Nfd7 13. exd6 Nc5 14. Qe2 Bxd6 15. e5 Be7 16. O-O Nxa6 17. Qxa6 Qd5 18. Nbd2 Bg4 19. c4 Qe6 20. b3 O-O
21. Bb2 c5 22. h3 Bxh3 23. gxh3 Qxh3 24. Nh2 f5 25. Ndf3 g5 26. Kh1 g4 27. Rg1 Kf7 28. e6+ Kg6 29. Qa7 Bf6 30. Ne5+ Kh5
31. Qh7 g3 32. Qg6+
1-0